000 00842nam a2200229 i 4500
001 139229
003 ES-MaACL
005 20230906195730.0
007 t|
008 070214s1966 sp r ||||1| spa d
100 1 _aSciacca, Michele Federico.
_9104923
245 1 0 _aHistoria de la filosofía /
_cMichele Federico Sciacca ; traducción directa del italiano por Adolfo Muñoz Alonso y Juan José Ruiz Cuevas ; prólogo para españoles de Adolfo Muñoz Alonso.
250 _a5ª ed.
260 _aBarcelona :
_bLuis Miracle,
_c1966.
300 _aXII, 676 p. ;
_c22 cm.
650 4 _aFilosofía-
_vHistoria.
_9158248
700 1 _aMuñoz Alonso, Adolfo.
_984346
700 1 _aRuiz Cuevas, Juan José.
_9100717
852 _aES-MaACL
_jC-33155
_bR.64044
852 _aES-MaACL
_jC-33034
_bR.63768
852 _aES-MaACL
_jC-34947
_bR.67747
999 _c139229
_d139229